000 00581nam a2200181Ia 4500
008 090124s9999 xx 000 0 und d
082 _b20526
100 _aआपटे हरि नारायण
245 _a चाणाक्षपणाचा कळस
250 _a5
260 _c1964
300 _a12+127
600 _aआपटे हरि नारायण
630 _a चाणाक्षपणाचा कळस
700 _aआपटे हरि नारायण
730 _a चाणाक्षपणाचा कळस
942 _cBOOK
999 _c134331
_d134331